ბათუმის შოთა რუსთაველის სახელმწიფო უნივერსიტეტის ბიბლიოთეკა

Universal design in higher education (ბიბ.ჩანაწერი № 49620)

000 -LEADER
fixed length control field 01013nam a2200277Ia 4500
001 - CONTROL NUMBER
control field 16552
003 - CONTROL NUMBER IDENTIFIER
control field GE_BSU
005 - DATE AND TIME OF LATEST TRANSACTION
control field 20200131132153.0
008 - FIXED-LENGTH DATA ELEMENTS--GENERAL INFORMATION
fixed length control field 181216s||||||||xx |||||||||||||| ||und||
020 ## - INTERNATIONAL STANDARD BOOK NUMBER
International Standard Book Number ISBN 9781891792908 (pbk.)
040 ## - CATALOGING SOURCE
Transcribing agency GE_BSU
080 ## - UNIVERSAL DECIMAL CLASSIFICATION NUMBER
Universal Decimal Classification number 378+376
245 ## - TITLE STATEMENT
Title Universal design in higher education
245 ## - TITLE STATEMENT
Remainder of title from principles to practice
245 ## - TITLE STATEMENT
Statement of responsibility, etc. edited by: Sheryl Burgstahler, Rebecca Cory.
260 ## - PUBLICATION, DISTRIBUTION, ETC.
Place of publication, distribution, etc. Cambridge
260 ## - PUBLICATION, DISTRIBUTION, ETC.
Name of publisher, distributor, etc. Harvard Education Press,
260 ## - PUBLICATION, DISTRIBUTION, ETC.
Date of publication, distribution, etc. 2008
300 ## - PHYSICAL DESCRIPTION
Extent xii, 308 p, ill; 26 cm.
653 ## - INDEX TERM--UNCONTROLLED
keyword People with disabilities--Education,People with disabilities--Services for,Barrier-free design-,College buildings--Barrier-free design--United States. College students with disabilities--Services for--United States.
653 ## - INDEX TERM--UNCONTROLLED
keyword პედაგოგიკა
700 ## - ADDED ENTRY--PERSONAL NAME
Personal name Burgstahler, Sheryl
Relator term რედაქტორი
9 (RLIN) 6626
700 ## - ADDED ENTRY--PERSONAL NAME
Personal name Cory, Rebecca
Relator term რედაქტორი
9 (RLIN) 6627
942 ## - ADDED ENTRY ELEMENTS (KOHA)
Koha item type წიგნი
Source of classification or shelving scheme
ეგზემპლარები
Withdrawn status Lost status Source of classification or shelving scheme Damaged status Not for loan Permanent Location Current Location Shelving location Date acquired Cost, normal purchase price Full call number Barcode Date last seen Copy number Price effective from Koha item type Public note
          ბათუმის შოთა რუსთაველის სახელმწიფო უნივერსიტეტის მთავარი ბიბლიოთეკა ბათუმის შოთა რუსთაველის სახელმწიფო უნივერსიტეტის მთავარი ბიბლიოთეკა წიგნსაცავი 2018-12-17 69.00 378+376 U-55 45120 2018-12-17 45120 2018-12-17 წიგნი 69 gel.